000 00373nam a2200169Ia 4500
001 10138
005 20250626030539.0
008 211022s9999 xx 000 0 und d
082 _a720 DAN
100 _aDania Faruq
245 0 _aArchitectural communication:
260 _aKarachi
260 _bIndus Valley School
260 _c2011
300 _a49
942 _cDISS
999 _c10368
_d10368